Vida y heroísmo del mártir dominicano Rufino de la Cruz : (Registro nro. 15654)

Detalles MARC
000 -CABECERA
campo de control de longitud fija 02163nam a2200301 a 4500
001 - NÚMERO DE CONTROL
campo de control 000035760
003 - IDENTIFICADOR DEL NÚMERO DE CONTROL
campo de control DO-SdBPM
005 - FECHA Y HORA DE LA ÚLTIMA TRANSACCIÓN
campo de control 20260203061304.0
007 - CAMPO FIJO DE DESCRIPCIÓN FÍSICA--INFORMACIÓN GENERAL
campo de control de longitud fija ta
008 - DATOS DE LONGITUD FIJA--INFORMACIÓN GENERAL
campo de control de longitud fija 111110s2011 dr a 001 0bspa d
020 ## - NÚMERO INTERNACIONAL ESTÁNDAR DEL LIBRO
Número Internacional Estándar del Libro 9789945880601
040 ## - FUENTE DE LA CATALOGACIÓN
Centro catalogador/agencia de origen DO-SdBPM
Lengua de catalogación spa
Centro/agencia transcriptor BPMSU
Centro/agencia modificador rda
082 #4 - NÚMERO DE LA CLASIFICACIÓN DECIMAL DEWEY
Número de clasificación 920.71
Número de documento/Ítem C957d 2011
Número de edición 22
100 1# - ENTRADA PRINCIPAL--NOMBRE DE PERSONA
Nombre de persona Disla, Luis Fausto,
Fechas asociadas al nombre 1953-
Término indicativo de función/relación autor
Código de función/relación aut.
245 10 - MENCIÓN DE TÍTULO
Título Vida y heroísmo del mártir dominicano Rufino de la Cruz :
Resto del título 50 años después /
Mención de responsabilidad, etc. Luis Fausto Disla.
264 ## - PRODUCCIÓN, PUBLICACIÓN, DISTRIBUCIÓN, FABRICACIÓN Y COPYRIGHT
Producción, publicación, distribución, fabricación y copyright Santo Domingo :
Nombre del de productor, editor, distribuidor, fabricante FG imagen arte-impresión,
Fecha de producción, publicación, distribución, fabricación o copyright 2011.
300 ## - DESCRIPCIÓN FÍSICA
Extensión 148 páginas :
Otras características físicas ilustraciones ;
Dimensiones 22 cm.
336 ## - TIPO DE CONTENIDO
Término de tipo de contenido texto
Código de tipo de contenido txt
Fuente rdacontent
337 ## - TIPO DE MEDIO
Nombre/término del tipo de medio sin mediación
Código del tipo de medio n
Fuente rdamedia
338 ## - TIPO DE SOPORTE
Nombre/término del tipo de soporte volumen
Código del tipo de soporte nc
Fuente rdacarrier
500 ## - NOTA GENERAL
Nota general Incluye datos biográficos del autor en las solapas
505 0# - NOTA DE CONTENIDO CON FORMATO
Nota de contenido con formato Prólogo /
Mención de responsabilidad Alcibíades Cruz González --
Título Introducción --
-- Datos biográficos --
-- Facetas desarrolladas por Rufino durante su corta vida --
-- Desarrollo socio político de Rufino y su formación ideológica --
-- La membresía de Rufino dentro del Movimiento Político "El 14 de Junio" --
-- Las decisiones patriótricas tomadas por Rufino --
-- Planificación y realización del viaje hacia Puerto Plata, aquel funesto viernes, 25 de noviembre de 1960 --
-- Descripción del horrendo crimen --
-- Situación en Conuco y Ojo de Agua por el retraso de su llegada --
-- Reacciones de residentes en Santiago al difundirse la noticia del supuesto "accidente automovilístico" --
-- Traslados de los cadáveres desde Santiago a Salcedo sábado 26 de noviembre de 1960 --
-- El velatorio de Rufino --
-- Lo inesperado en el velatorio de Rufino --
-- El sepelio de Rufino --
-- Hechos significativos ocurridos en el seno de la familia de Rufino después de su asesinato --
-- El aporte de Rufino a la democracia dominicana --
-- Personalidades y parientes entrevistados --
Información miscelánea Agradecimientos --
-- Fuentes bibliográficas.
590 ## - NOTA LOCAL (RLIN)
Nota local Inventariado, 2026/VM
600 17 - PUNTO DE ACCESO ADICIONAL DE MATERIA--NOMBRE DE PERSONA
Nombre de persona Cruz Disla, Rufino Antonio de la,
Fechas asociadas al nombre 1923-1960
650 #7 - PUNTO DE ACCESO ADICIONAL DE MATERIA--TÉRMINO DE MATERIA
Término de materia o nombre geográfico como elemento de entrada Homicidio político
Subdivisión geográfica República Dominicana
Subdivisión cronológica Era de Trujillo, 1930-1961
910 ## - DATOS DE OPCIÓN DEL USUARIO (OCLC)
Datos de opción del usuario VMateo V. Control de la calidad BPMSU
942 ## - ELEMENTOS DE PUNTO DE ACCESO ADICIONAL (KOHA)
Fuente del sistema de clasificación o colocación Dewey Decimal Classification
Tipo de ítem Koha Libros
Existencias
Estado de retiro Estado de pérdida Fuente del sistema de clasificación o colocación No para préstamo Código de colección Localización permanente Ubicación/localización actual Fecha de adquisición Total de préstamos Signatura topográfica completa Código de barras Fecha visto por última vez Precio válido a partir de Tipo de ítem Koha
    Dewey Decimal Classification   Colección Dominicana Biblioteca Pública Metropolitana Salomé Ureña Biblioteca Pública Metropolitana Salomé Ureña 02/03/2026   BPMSU CD 920.71 C957D 2011 BPMSU26020011 02/03/2026 02/03/2026 Libros